Les Polítiques de joventut dels ajuntaments democràtics : 1979-1987 1979-1987
ISBN:
84-505-5915-4
Descripción Física:
160 p. ; 21 cm
Colección:
Materials de joventut ; 7
MARC
| LEADER | 00000nam a2200000Ia 4500 | ||
|---|---|---|---|
| 001 | 4970 | ||
| 008 | 160829s1987 xx 000 0 cat d | ||
| 020 | |a 84-505-5915-4 | ||
| 080 | |a S-1-68 | ||
| 245 | |a Les Polítiques de joventut dels ajuntaments democràtics : |b 1979-1987 | ||
| 260 | |a Barcelona : |b Diputació de Barcelona. Servei de Joventut, |c 1987 | ||
| 300 | |a 160 p. ; |c 21 cm | ||
| 490 | |a Materials de joventut ; 7 | ||
| 650 | |a Catalunya |x Política de la joventut |x 1979/1987 |9 24759 | ||
| 710 | 1 | |a Barcelona (Catalunya : Província). |b Servei de Joventut |9 54681 | |
| 901 | |a Arxiu | ||
| 942 | |n 1 | ||
| 952 | |0 0 |1 0 |4 0 |6 S168 |7 1 |9 43305 |a Arxiu |b Arxiu |d 2016-12-01 |l 0 |o S-1-68 |p 4970 |r 2016-12-01 00:00:00 |w 2016-12-01 |y ARXIU | ||
| 999 | |c 45850 |d 45850 | ||